LEADER 00912nam a2200193 i 4500 001 000000218271 003 CaOOAMICUS 005 20130123000000.0 008 130123s1804 it u000 u ita u 013 $a197168 026 $anana o-ro i.li tepe (3) 1804 (R) 040 $aSeMil$bita 245 10$aTomo 20. 300 $a394, [2] p. 500 $aSegn. : A-Q12 R6. 773 0 $aScarpazza, Faustino$tDecisioni de' casi di coscienza e di dottrina canonica, ovvero Corso di teologia morale, ridotto alla pratica dietro alle tracce di Benedetto 14. ... dal padre Faustino Scarpazza ... Tomo 1. [-10.].$bOpera dopo quattro edizioni venete, riprodotta sull'ultima che stampasi in Roma ...$dVenezia : Presso Giuseppe qu. Bortolo Rossi, 1804.$g20$w()27957 850 $aSeMil 852 $aSeMil$W1$xVenegono$y1$m2E I 135 FA$j168681$B168681$CSeMilBibl$Z2$F179613 $8I 996 $6245$aTomo 20$9(OLS)http://semarc/title/298346 LEADER 01027nam a2200217 i 4500 001 000000206284 003 CaOOAMICUS 005 20240207094623.0 008 110927s1890 it u000 u ita u 040 $aSeMil$bita 100 1 $aStoppani, Antonio,$c.$0(OLS)http://semarc/name/5672 245 13$aLa santità del linguaggio :$bdiscorso letto all'Accademia della crusca in Firenze, il giorno 25 novembre 1883 /$cAntonio Stoppani. 250 $a4. ed. con aggiunte dell'autore. 260 $aMilano :$bL. F. Cogliati,$c1890. 300 $aXVI, 118 p. ;$c19 cm. 650 4$aMorale e linguaggio.$0(OLS)http://semarc/subject/14499 850 $aSeMil 852 $aSeMil$W1$xVenegono$y1$m1N IV 4 FA$j156767$B156767$CSeMilBibl$Z2$F168000 $8I 996 $6245$aLa santità del linguaggio :$bdiscorso letto all'Accademia della crusca in Firenze, il giorno 25 novembre 1883$9(OLS)http://semarc/title/298441 996 $6260$aMilano :$bL. F. Cogliati$9(OLS)http://semarc/publisher/29949